[Event "IV Open Internacional Calvia"]
[Site "Calvia"]
[Date "2007.10.17"]
[Round "3.30"]
[White "Larino Nieto, David"]
[Black "Persson, Mats"]
[Result "1-0"]
[WhiteElo "2428"]
[BlackElo "2131"]
[PlyCount "111"]
[EventDate "2007.??.??"]

1. e4 c5 2. Nf3 e6 3. c3 Nf6 4. Bd3 d5 5. e5 Nfd7 6. Bc2 Nc6 7. d4 b5 8. a3 a5
9. Be3 Ba6 10. h4 h6 11. Nbd2 cxd4 12. cxd4 Nb6 13. h5 a4 14. Nh4 Na5 15. Qg4
Qd7 16. O-O Nac4 17. Nxc4 Nxc4 18. Bc1 Qc6 19. b4 Nxe5 20. dxe5 Qxc2 21. Ng6
fxg6 22. Qxe6+ Be7 23. hxg6 Rf8 24. Bg5 Qc7 25. Bxe7 Bc8 26. Qxd5 Bb7 27. Qxb5+
Kxe7 28. Rac1 Qd7 29. Qc5+ Ke8 30. Rfd1 Rc8 31. Qxf8+ Kxf8 32. Rxd7 Rxc1+ 33.
Kh2 Be4 34. Rf7+ Kg8 35. Ra7 Bxg6 36. Rxa4 Re1 37. Ra5 Kf7 38. f3 Ke6 39. Ra6+
Kf7 40. Ra7+ Kf8 41. Ra5 Be8 42. Kg3 Re2 43. a4 g5 44. b5 Rxe5 45. b6 Re7 46.
Rf5+ Kg7 47. Re5 Rb7 48. a5 Kf7 49. Kg4 Bd7+ 50. Kh5 Kf6 51. Rd5 Ke6 52. Rc5
Kd6 53. Rc1 g4 54. fxg4 Rb8 55. Rc7 Ra8 56. Ra7 1-0

[Event "IV Open Internacional Calvia"]
[Site "Calvia"]
[Date "2007.10.17"]
[Round "3.31"]
[White "Gonzalez, Rodriguez Jorge A"]
[Black "Ferrer Roig, Juan"]
[Result "1-0"]
[WhiteElo "2405"]
[BlackElo "2130"]
[PlyCount "77"]
[EventDate "2007.??.??"]

1. c4 e6 2. Nf3 d5 3. d4 c5 4. cxd5 exd5 5. Nc3 Nc6 6. e3 Nf6 7. Be2 Be7 8. O-O
O-O 9. dxc5 Bxc5 10. a3 a6 11. b4 Be7 12. Bb2 Be6 13. Qd3 Qd7 14. Rfd1 Rfd8 15.
Rac1 Rac8 16. Qb1 b5 17. Rd2 h6 18. Rcd1 Qb7 19. h3 Nb8 20. Ne5 Ne4 21. Nxe4
dxe4 22. f4 Nd7 23. Nxd7 Rxd7 24. Bd4 Bd8 25. Kf2 f5 26. Qb2 Bb6 27. Bxb6 Rxd2
28. Rxd2 Qxb6 29. Qe5 Rc6 30. g4 Qc7 31. Qxc7 Rxc7 32. Rd6 Bc8 33. g5 hxg5 34.
fxg5 Kh7 35. Bh5 g6 36. Bxg6+ Kg7 37. h4 Rc2+ 38. Kg3 Kf8 39. h5 1-0

[Event "IV Open Internacional Calvia"]
[Site "Calvia"]
[Date "2007.10.17"]
[Round "3.32"]
[White "Martinez Martin, David"]
[Black "Tofte, Sondre Waage"]
[Result "1-0"]
[WhiteElo "2400"]
[BlackElo "2107"]
[PlyCount "49"]
[EventDate "2007.??.??"]

1. d4 Nf6 2. c4 e6 3. g3 d5 4. Bg2 c5 5. cxd5 exd5 6. Nf3 Nc6 7. O-O Be6 8. Nc3
Rc8 9. a3 cxd4 10. Nb5 Qb6 11. Nbxd4 Bc5 12. Nxe6 fxe6 13. b4 Be7 14. Bh3 Nd8
15. Qa4+ Qc6 16. Qxa7 O-O 17. Be3 Ne4 18. Rac1 Nc3 19. Nd4 Qc4 20. Rxc3 Qxc3
21. Nxe6 Nc6 22. Qxb7 Rb8 23. Qd7 Rf7 24. Rc1 Ne5 25. Qa7 1-0

[Event "IV Open Internacional Calvia"]
[Site "Calvia"]
[Date "2007.10.17"]
[Round "3.34"]
[White "Mascaro March, Pedro"]
[Black "Schmitz, Andreas Arnold"]
[Result "1-0"]
[WhiteElo "2370"]
[BlackElo "2093"]
[PlyCount "103"]
[EventDate "2007.??.??"]

1. d4 d5 2. Nf3 Nf6 3. c4 dxc4 4. e3 Bg4 5. Bxc4 e6 6. h3 Bh5 7. Nc3 a6 8. O-O
c5 9. Be2 Nc6 10. dxc5 Qxd1 11. Rxd1 Bxc5 12. a3 O-O 13. b4 Be7 14. Bb2 Rfd8
15. Rxd8+ Rxd8 16. Rc1 b5 17. Nxb5 Bxf3 18. gxf3 Nxb4 19. Nd4 Nbd5 20. Bxa6 Rb8
21. Rc8+ Rxc8 22. Bxc8 Nb6 23. Ba6 Nfd7 24. Bb5 Nc5 25. Nc6 Bf8 26. Be5 Nc8 27.
a4 Nb3 28. Bc3 Bc5 29. Kf1 Na7 30. Nxa7 Bxa7 31. Ke2 Nc5 32. Kd2 f6 33. Bb4 Bb6
34. Kc3 Nb7 35. Be8 Bc7 36. Bc6 Na5 37. Be8 Nb7 38. f4 e5 39. fxe5 Bxe5+ 40.
Kd3 Bc7 41. Bc6 Bd6 42. Bxd6 Nxd6 43. a5 Kf8 44. a6 Nc8 45. Bb7 Na7 46. Kd4 Ke7
47. Kc5 Kd7 48. Kb6 g5 49. Kxa7 Kc7 50. Be4 h5 51. Bg6 h4 52. Bf5 1-0

[Event "IV Open Internacional Calvia"]
[Site "Calvia"]
[Date "2007.10.17"]
[Round "3.35"]
[White "Andersen, Mads"]
[Black "Das, Arghyadip"]
[Result "0-1"]
[WhiteElo "2074"]
[BlackElo "2367"]
[PlyCount "88"]
[EventDate "2007.??.??"]

1. e4 c5 2. Nf3 d6 3. d4 cxd4 4. Nxd4 Nf6 5. Nc3 Nc6 6. Bg5 Qb6 7. Nb3 e6 8.
Be2 Be7 9. O-O a6 10. a4 Qc7 11. a5 Bd7 12. Be3 Rc8 13. f4 Qb8 14. Bf3 Nb4 15.
Nd4 g6 16. Rf2 O-O 17. g4 e5 18. Nb3 exf4 19. Bxf4 Be6 20. Rd2 Nc6 21. Nd4 Ne5
22. Bxe5 dxe5 23. Nxe6 fxe6 24. g5 Ne8 25. h4 Bb4 26. Rd3 Bxc3 27. bxc3 Ng7 28.
Qd2 Qc7 29. Kg2 Rf7 30. Bg4 Rf4 31. Qe2 Rcf8 32. Rb1 Qc5 33. Bf3 R4f7 34. Qe3
Qxa5 35. Qb6 Qa4 36. Qb3 Qc6 37. Qb6 Qa4 38. Qb3 Qe8 39. Qb6 Nh5 40. Bxh5 gxh5
41. Rbd1 Qa4 42. Qxe6 Qxe4+ 43. Kh3 Kh8 44. Qd5 Qg4+ 0-1

[Event "IV Open Internacional Calvia"]
[Site "Calvia"]
[Date "2007.10.17"]
[Round "3.36"]
[White "Mandic, Milenko"]
[Black "Fierro Baquero, Martha L"]
[Result "0-1"]
[WhiteElo "2064"]
[BlackElo "2345"]
[PlyCount "48"]
[EventDate "2007.??.??"]

1. d4 g6 2. e4 Bg7 3. Nf3 d6 4. Bc4 Nf6 5. Nc3 c6 6. Bg5 O-O 7. Qd2 b5 8. Bxf6
exf6 9. Nxb5 d5 10. Bxd5 cxd5 11. exd5 Ba6 12. a4 Re8+ 13. Kd1 Bxb5 14. axb5
Qxd5 15. Qb4 Nd7 16. Re1 Bf8 17. Rxe8 Rxe8 18. c4 Qe4 19. Qd2 Bh6 20. Qc2 Qg4
21. Qc3 Qxg2 22. Rxa7 Qxf2 23. Ne5 Nxe5 24. dxe5 Rd8+ 0-1

[Event "IV Open Internacional Calvia"]
[Site "Calvia"]
[Date "2007.10.17"]
[Round "3.37"]
[White "Zozulia, Anna"]
[Black "Ignacz, Rozsa"]
[Result "1-0"]
[WhiteElo "2343"]
[BlackElo "2079"]
[PlyCount "45"]
[EventDate "2007.??.??"]

1. e4 c6 2. d4 d5 3. e5 Bf5 4. Nf3 e6 5. Be2 h6 6. O-O c5 7. c4 Nc6 8. cxd5
Qxd5 9. Nc3 Qd8 10. Be3 cxd4 11. Nxd4 Nxd4 12. Bxd4 Be7 13. Qa4+ Kf8 14. Rfd1
a6 15. Bf3 Qc7 16. Rac1 Rc8 17. Be3 g5 18. Ne4 Qb8 19. Rxc8+ Qxc8 20. Nd6 Bxd6
21. exd6 b5 22. d7 Qxd7 23. Qb4+ 1-0

[Event "IV Open Internacional Calvia"]
[Site "Calvia"]
[Date "2007.10.17"]
[Round "3.38"]
[White "Thomassen, Thomas"]
[Black "Pinheiro, Jose"]
[Result "1-0"]
[WhiteElo "2041"]
[BlackElo "2331"]
[PlyCount "92"]
[EventDate "2007.??.??"]

1. Nf3 c5 2. c4 g6 3. e4 Bg7 4. d4 cxd4 5. Nxd4 Nc6 6. Be3 Nf6 7. Nc3 d6 8. Be2
O-O 9. O-O Bd7 10. Qd2 Nxd4 11. Bxd4 Bc6 12. f3 a5 13. b3 Nd7 14. Be3 Nc5 15.
Rab1 Qb6 16. Rfc1 Rfc8 17. Rc2 Qd8 18. Bf1 Rcb8 19. a3 a4 20. b4 Nb3 21. Qf2 e6
22. Rd1 Qe7 23. Bb6 Rc8 24. Ne2 Bb5 25. Nd4 Bd7 26. Ne2 d5 27. exd5 exd5 28.
Nf4 d4 29. c5 Bf5 30. Nd3 Qd7 31. g4 Be6 32. Re1 Re8 33. Qg3 Bd5 34. Rxe8+ Qxe8
35. Re2 Qc6 36. Re7 Nd2 37. Be2 Bxf3 38. Bf1 Nxf1 39. Kxf1 Bd5 40. Qd6 Qb5 41.
Qxd5 Qxd3+ 42. Kg2 Qc2+ 43. Kf1 Rf8 44. Rd7 Qd1+ 45. Kf2 Qxg4 46. b5 Re8 $4 1-0

[Event "IV Open Internacional Calvia"]
[Site "Calvia"]
[Date "2007.10.17"]
[Round "3.39"]
[White "Aleskerov, Faik"]
[Black "Castell Cantero, Salvador"]
[Result "1-0"]
[WhiteElo "2327"]
[BlackElo "2073"]
[PlyCount "47"]
[EventDate "2007.??.??"]

1. e4 d6 2. d4 Nf6 3. Nc3 g6 4. f4 Bg7 5. Nf3 O-O 6. Be2 c6 7. O-O Qb6 8. Kh1
Nbd7 9. e5 Nd5 10. Ne4 dxe5 11. fxe5 Qd8 12. Qe1 c5 13. Qh4 cxd4 14. Bh6 f6 15.
Bxg7 Kxg7 16. Neg5 fxg5 17. Nxg5 N7f6 18. exf6+ Nxf6 19. Rxf6 Kxf6 20. Rf1+ Ke5
21. Qe4+ Kd6 22. Qxd4+ Kc7 23. Qc5+ Kb8 24. Rxf8 1-0

[Event "IV Open Internacional Calvia"]
[Site "Calvia"]
[Date "2007.10.17"]
[Round "3.40"]
[White "Schmitz, Manuela"]
[Black "Tscharotschkin, Michael"]
[Result "0-1"]
[WhiteElo "2035"]
[BlackElo "2290"]
[PlyCount "46"]
[EventDate "2007.??.??"]

1. d4 d5 2. c4 Bf5 3. Qa4+ Nc6 4. Nf3 e6 5. Bd2 dxc4 6. e3 Bd6 7. Bxc4 a6 8.
Qb3 b5 9. Be2 Nf6 10. Nc3 O-O 11. Rc1 Be4 12. O-O Bd5 13. Qc2 e5 14. dxe5 Nxe5
15. Nxe5 Bxe5 16. f4 Be4 17. Qb3 Qxd2 18. fxe5 Ng4 19. Rfe1 Nxe3 20. Nb1 Bxb1
21. Rxb1 Rae8 22. Bf3 Rxe5 23. Rbd1 Nxd1 0-1

[Event "IV Open Internacional Calvia"]
[Site "Calvia"]
[Date "2007.10.17"]
[Round "3.41"]
[White "Pettersen, Joar Gullestad"]
[Black "Ehsan, Ali"]
[Result "0-1"]
[WhiteElo "2027"]
[BlackElo "2280"]
[PlyCount "96"]
[EventDate "2007.??.??"]

1. Nf3 Nc6 2. d4 d5 3. g3 Bg4 4. Bg2 Qd7 5. h3 Bf5 6. c3 h5 7. a4 Nf6 8. Qb3
O-O-O 9. a5 a6 10. Nbd2 Ne4 11. Nf1 e6 12. Ne3 Bh7 13. Bd2 f6 14. Qa4 g5 15. b4
Na7 16. Qxd7+ Rxd7 17. Nd1 Nb5 18. Rc1 Nbd6 19. Nb2 Kd8 20. Be3 Nf5 21. Nd2
Nexg3 22. Bxg5 fxg5 23. fxg3 Nxg3 24. Rg1 Nf5 25. Bf3 h4 26. Rxg5 Ng3 27. Re5
Bf5 28. e4 dxe4 29. Nxe4 Nxe4 30. Bxe4 Bd6 31. Rxf5 exf5 32. Bxf5 Re7+ 33. Kd1
Rf8 34. Bg4 Rf2 35. Nd3 Rg2 36. Rc2 Rg3 37. Rd2 Ree3 38. Kc2 Be7 39. Bf5 Bg5
40. Rf2 Be7 41. Kd2 Bd6 42. Kc2 Ref3 43. Rxf3 Rxf3 44. Bg4 Rg3 45. Ne1 Rxg4 46.
hxg4 h3 47. Nf3 h2 48. Nxh2 Bxh2 0-1

[Event "IV Open Internacional Calvia"]
[Site "Calvia"]
[Date "2007.10.17"]
[Round "3.42"]
[White "Andersson, Tommy"]
[Black "Ruprich, Udo"]
[Result "1-0"]
[WhiteElo "2273"]
[BlackElo "2053"]
[PlyCount "93"]
[EventDate "2007.??.??"]

1. d4 d5 2. c4 c6 3. cxd5 cxd5 4. Nc3 e6 5. Nf3 Nc6 6. Bf4 Nf6 7. e3 Bd6 8.
Bxd6 Qxd6 9. Be2 O-O 10. O-O Rd8 11. Rc1 Bd7 12. a3 e5 13. Nb5 Qe7 14. dxe5
Nxe5 15. Nc7 Rac8 16. Nxd5 Nxd5 17. Qxd5 Nxf3+ 18. Bxf3 Bc6 19. Qf5 g6 20. Qf4
Rd6 21. Bxc6 bxc6 22. Rfd1 Rcd8 23. Rxd6 Rxd6 24. h4 Qd7 25. Rc4 h5 26. Rb4 Qe7
27. Rd4 Rxd4 28. exd4 Qb7 29. b4 Qa6 30. Qe3 Qa4 31. Kh2 Qc2 32. f3 Qc4 33.
Qe8+ Kh7 34. Qe7 a6 35. a4 Kg8 36. Qc5 Qe6 37. Qe5 Qc4 38. Qd6 Qc2 39. b5 cxb5
40. axb5 Qf2 41. Qd8+ Kg7 42. bxa6 Qd2 43. Qd6 Qf2 44. Qe5+ f6 45. Qe7+ Kh6 46.
Qxf6 Qa2 47. Qh8# 1-0

[Event "IV Open Internacional Calvia"]
[Site "Calvia"]
[Date "2007.10.17"]
[Round "3.43"]
[White "Moreno Garcia, Alfonso"]
[Black "Habibi, Ali"]
[Result "0-1"]
[WhiteElo "2020"]
[BlackElo "2269"]
[PlyCount "140"]
[EventDate "2007.??.??"]

1. e4 c5 2. Nf3 g6 3. d4 cxd4 4. Nxd4 Nf6 5. Nc3 Nc6 6. Be3 Bg7 7. Qd2 Ng4 8.
Nxc6 dxc6 9. Qxd8+ Kxd8 10. Bf4 e5 11. Bg3 Be6 12. h3 Nh6 13. Na4 b6 14. c4 Ke7
15. f3 Rhd8 16. Be2 f5 17. Nc3 f4 18. Bf2 Nf7 19. Rd1 h5 20. O-O g5 21. b3 Bf6
22. Rxd8 Rxd8 23. Rd1 Rg8 24. a4 g4 25. hxg4 hxg4 26. fxg4 Nh6 27. a5 Nxg4 28.
Bf3 Nxf2 29. Kxf2 Rb8 30. axb6 axb6 31. Ra1 Kd8 32. Rh1 Ra8 33. Rh6 Ke7 34.
Rh7+ Kf8 35. Rc7 Rc8 36. Rb7 Be7 37. Na4 b5 38. cxb5 Bxb3 39. Nb6 Bc5+ 40. Ke1
Bxb6 41. Rxb6 Ba4 42. bxc6 Bxc6 43. Kf2 Ke7 44. Bg4 Rc7 45. g3 fxg3+ 46. Kxg3
Kd6 47. Bf5 Kc5 48. Rb1 Rg7+ 49. Kf3 Bb5 50. Rc1+ Kd4 51. Rd1+ Bd3 52. Ra1
Bxe4+ 53. Bxe4 Rf7+ 54. Ke2 Kxe4 55. Ra4+ Kf5 56. Ke3 Rb7 57. Ra3 Rb4 58. Rc3
Rh4 59. Kf2 Kf4 60. Rf3+ Ke4 61. Ra3 Rh2+ 62. Kg3 Rd2 63. Ra4+ Ke3 64. Ra5 e4
65. Re5 Rc2 66. Re8 Rc4 67. Re7 Ke2 68. Re6 e3 69. Re5 Rc8 70. Kf4 Kf2 0-1

[Event "IV Open Internacional Calvia"]
[Site "Calvia"]
[Date "2007.10.17"]
[Round "3.44"]
[White "Thomassen, Joachim"]
[Black "Navarro Cazorla, Juan"]
[Result "1/2-1/2"]
[WhiteElo "2263"]
[BlackElo "2030"]
[PlyCount "64"]
[EventDate "2007.??.??"]

1. d4 d6 2. e4 Nf6 3. f3 d5 4. e5 Nfd7 5. f4 c5 6. Nf3 Nc6 7. c3 cxd4 8. cxd4
Nb6 9. Be2 Bg4 10. O-O e6 11. Be3 Be7 12. a3 a5 13. Nc3 Rc8 14. Rc1 Na7 15. Nb5
Nxb5 16. Bxb5+ Kf8 17. Rxc8 Qxc8 18. Qd2 Qa8 19. Qc3 h6 20. Nd2 a4 21. h3 Bf5
22. g4 Bh7 23. f5 exf5 24. gxf5 f6 25. exf6 gxf6 26. Bxh6+ Kf7 27. Qe3 Qc8 28.
Bd3 Bd6 29. Kh1 Nc4 30. Nxc4 dxc4 31. Qe6+ Qxe6 32. fxe6+ Ke7 1/2-1/2

[Event "IV Open Internacional Calvia"]
[Site "Calvia"]
[Date "2007.10.17"]
[Round "3.45"]
[White "Dominguez Garcia, Juan Antonio"]
[Black "Grant, Jonathan"]
[Result "0-1"]
[WhiteElo "2001"]
[BlackElo "2261"]
[PlyCount "64"]
[EventDate "2007.??.??"]

1. e4 c6 2. d4 d5 3. Nc3 dxe4 4. Nxe4 Bf5 5. Ng3 Bg6 6. h4 h6 7. Nh3 Nf6 8. Nf4
Bh7 9. Bc4 e5 10. Qe2 Qxd4 11. O-O Nbd7 12. Rd1 Qb6 13. c3 Qc7 14. Be3 Be7 15.
Nfh5 O-O 16. Nxf6+ Nxf6 17. b4 Rad8 18. a4 Nd5 19. Bd2 Bxh4 20. Qg4 Bxg3 21.
Qxg3 Kh8 22. Bb3 f5 23. c4 f4 24. Qh4 Nf6 25. Bc3 Bd3 26. Re1 Rde8 27. Rad1 Bf5
28. c5 Kh7 29. f3 g5 30. Qh2 a5 31. Rd6 axb4 32. Bxe5 Qa5 0-1

[Event "IV Open Internacional Calvia"]
[Site "Calvia"]
[Date "2007.10.17"]
[Round "3.46"]
[White "Campos Calvo-Sotelo, Juan"]
[Black "Molina, Jorge"]
[Result "0-1"]
[WhiteElo "1971"]
[BlackElo "2201"]
[PlyCount "46"]
[EventDate "2007.??.??"]

1. b4 e5 2. a3 d5 3. e3 Nf6 4. c4 c5 5. bxc5 Bxc5 6. cxd5 Nxd5 7. Bb2 Nc6 8.
Nc3 Nxc3 9. Bxc3 O-O 10. h4 Re8 11. Nf3 Bf5 12. Bc4 Be6 13. Qb3 h6 14. g4 Nd4
15. Bxd4 exd4 16. Bxe6 Rxe6 17. g5 dxe3 18. dxe3 Qe7 19. O-O Re4 20. Rad1 hxg5
21. hxg5 Rg4+ 22. Kh1 Qe4 23. Qd5 Rh4+ 0-1

[Event "IV Open Internacional Calvia"]
[Site "Calvia"]
[Date "2007.10.17"]
[Round "3.47"]
[White "Strikovic, Maja"]
[Black "Mack, Wolfgang"]
[Result "0-1"]
[WhiteElo "1917"]
[BlackElo "2200"]
[PlyCount "40"]
[EventDate "2007.??.??"]

1. e4 g6 2. d4 Bg7 3. Nc3 d6 4. Bg5 a6 5. f4 b5 6. a3 Bb7 7. Nf3 Nd7 8. e5 c5
9. exd6 cxd4 10. Nxd4 Qb6 11. Nde2 Rd8 12. dxe7 Nxe7 13. Bxe7 Kxe7 14. Nd5+
Bxd5 15. Qxd5 Bxb2 16. Qe4+ Kf6 17. Ra2 Rhe8 18. Qb4 Bd4 19. Kd1 Be3 20. Qc3+
Ne5+ 0-1

[Event "IV Open Internacional Calvia"]
[Site "Calvia"]
[Date "2007.10.17"]
[Round "3.51"]
[White "Sorm, Daniel"]
[Black "Ben Arzi, Ido"]
[Result "0-1"]
[WhiteElo "2234"]
[BlackElo "2010"]
[PlyCount "68"]
[EventDate "2007.??.??"]

1. d4 d6 2. e4 Nf6 3. Nc3 g6 4. Bc4 Bg7 5. Qe2 O-O 6. e5 Ne8 7. Nf3 c6 8. Bf4
b5 9. Bd3 Nc7 10. O-O-O Ne6 11. Bg3 Qa5 12. Kb1 dxe5 13. Bxe5 Bxe5 14. dxe5 b4
15. Ne4 Nf4 16. Qe3 Nxd3 17. Qh6 Be6 18. b3 f6 19. Nfg5 fxg5 20. Nxg5 Rf7 21.
Nxe6 Nd7 22. Rxd3 Nxe5 23. Rd2 Ng4 24. Qh4 Nf6 25. Ng5 Rff8 26. Re1 Rad8 27.
Qc4+ Nd5 28. Rxe7 Rf4 29. Rg7+ Kxg7 30. Ne6+ Kh6 31. Rxd5 Rxc4 32. Rxa5 Rd1+
33. Kb2 Re4 34. Nc5 Ree1 0-1

[Event "IV Open Internacional Calvia"]
[Site "Calvia"]
[Date "2007.10.17"]
[Round "3.52"]
[White "Aroven, Mikael"]
[Black "Sparreboom, Willem"]
[Result "1-0"]
[WhiteElo "2201"]
[BlackElo "1960"]
[PlyCount "71"]
[EventDate "2007.??.??"]

1. c4 Nf6 2. Nf3 c5 3. g3 e6 4. Bg2 d5 5. cxd5 exd5 6. d4 Nc6 7. O-O c4 8. Nc3
Be7 9. Ne5 O-O 10. Bf4 Bf5 11. Rc1 a6 12. f3 Rc8 13. Nxc6 Rxc6 14. e4 dxe4 15.
fxe4 Bg4 16. Qd2 Bb4 17. Rce1 Re8 18. d5 Rc8 19. h3 Bh5 20. e5 Qb6+ 21. Kh1 Nd7
22. a3 Ba5 23. e6 fxe6 24. dxe6 Nf6 25. e7 Bf7 26. Re5 Rc7 27. Qe2 Bxc3 28.
bxc3 Rd7 29. Bg5 Rd6 30. Bxf6 Rxf6 31. Rxf6 Qxf6 32. Bxb7 Qg6 33. Kh2 Qd3 34.
Bxa6 Qxe2+ 35. Rxe2 Rb8 36. Bxc4 1-0

[Event "IV Open Internacional Calvia"]
[Site "Calvia"]
[Date "2007.10.17"]
[Round "3.53"]
[White "Babar, Michael"]
[Black "Bondielli, Giorgio"]
[Result "1-0"]
[WhiteElo "2160"]
[BlackElo "1944"]
[PlyCount "59"]
[EventDate "2007.??.??"]

1. d4 f5 2. g3 Nf6 3. Bg2 g6 4. Nc3 Bg7 5. Nh3 O-O 6. O-O d6 7. d5 a5 8. Nf4
Na6 9. Be3 b6 10. Nb5 Rb8 11. Nd4 Qe8 12. Nfe6 Bxe6 13. Nxe6 Rf7 14. Qd3 Qc8
15. c3 Nc5 16. Bxc5 bxc5 17. b3 Nd7 18. e4 Ne5 19. Qe2 Kh8 20. f4 Nd7 21. Rac1
Nf8 22. Ng5 Rf6 23. exf5 gxf5 24. Qxe7 h6 25. Nf3 Ng6 26. Qe2 Rf8 27. Qd3 Rd8
28. Rfe1 Qd7 29. Bh3 Rf8 30. Re6 1-0

[Event "IV Open Internacional Calvia"]
[Site "Calvia"]
[Date "2007.10.17"]
[Round "3.54"]
[White "Kvisla, Johannes Luangtep"]
[Black "Alemany Jara, Alejandro"]
[Result "1-0"]
[WhiteElo "2124"]
[BlackElo "1559"]
[PlyCount "63"]
[EventDate "2007.??.??"]

1. d4 Nf6 2. c4 g6 3. Nc3 Bg7 4. e4 d6 5. f3 O-O 6. Bg5 Nbd7 7. Nge2 c6 8. Ng3
Qc7 9. Qd2 Re8 10. Be2 e5 11. d5 a6 12. a4 c5 13. Bh6 Nf8 14. h4 Kh8 15. h5 Ng8
16. Be3 b6 17. Nf1 Nf6 18. h6 Ng8 19. hxg7+ Kxg7 20. g4 f6 21. g5 fxg5 22. Bxg5
Qf7 23. Ng3 Bd7 24. O-O-O Kh8 25. f4 exf4 26. Bxf4 Qe7 27. Bd3 b5 28. a5 b4 29.
Nce2 Ba4 30. Rdg1 Qc7 31. b3 Bxb3 32. Qb2+ 1-0

[Event "IV Open Internacional Calvia"]
[Site "Calvia"]
[Date "2007.10.17"]
[Round "3.58"]
[White "Lewandowski, Richard"]
[Black "Oliver Serrano, Angel"]
[Result "0-1"]
[WhiteElo "1758"]
[BlackElo "2094"]
[PlyCount "68"]
[EventDate "2007.??.??"]

1. d4 Nf6 2. c4 c5 3. Nf3 e6 4. e3 cxd4 5. Nxd4 Bb4+ 6. Bd2 Be7 7. Nc3 a6 8.
Be2 O-O 9. O-O Nc6 10. Nf3 Qc7 11. a3 b6 12. b4 Bb7 13. h3 Rac8 14. Rc1 Qb8 15.
Qc2 d6 16. Qb1 Rfd8 17. Ne4 Nxe4 18. Qxe4 Ne5 19. Qf4 Bxf3 20. gxf3 Qb7 21. e4
Ng6 22. Qe3 e5 23. Kh2 h6 24. Qd3 Bg5 25. Bxg5 hxg5 26. Rg1 Nf4 27. Qd2 f6 28.
Rg4 Kf7 29. Bd1 Rh8 30. Rg3 Qd7 31. Rg4 Rxh3+ 32. Kg1 Rch8 33. Kf1 Rh1+ 34. Rg1
Rxg1+ 0-1

[Event "IV Open Internacional Calvia"]
[Site "Calvia"]
[Date "2007.10.17"]
[Round "3.59"]
[White "Baldo Company, Jordi"]
[Black "Cerdo Fernandez, Miguel"]
[Result "0-1"]
[WhiteElo "1728"]
[BlackElo "1990"]
[PlyCount "50"]
[EventDate "2007.??.??"]

1. e4 Nf6 2. e5 Nd5 3. c4 Nb6 4. d4 d6 5. Nf3 g6 6. Bf4 Bg7 7. Qd2 Bg4 8. Be2
Nc6 9. d5 Bxf3 10. exd6 Bxe2 11. dxc7 Qd7 12. dxc6 Qxc6 13. Qxe2 Qxg2 14. Rf1
O-O 15. Nd2 Bxb2 16. Rb1 Bc3 17. Qd3 e5 18. Be3 Bxd2+ 19. Kxd2 Qc6 20. c5 Nd5
21. Bh6 Rfe8 22. f4 Nxc7 23. Qc4 Rad8+ 24. Kc2 Rd4 25. Qb3 Qg2+ 0-1

[Event "IV Open Internacional Calvia"]
[Site "Calvia"]
[Date "2007.10.17"]
[Round "3.60"]
[White "Levine, Yonatan"]
[Black "Lie, Terje"]
[Result "1-0"]
[WhiteElo "1984"]
[BlackElo "1742"]
[PlyCount "63"]
[EventDate "2007.??.??"]

1. Nf3 Nf6 2. g3 c5 3. Bg2 d6 4. d3 g6 5. O-O Bg7 6. Nc3 Nc6 7. e4 Bg4 8. Bd2
O-O 9. h3 Bd7 10. Qc1 Rc8 11. Bh6 e5 12. Nd1 Nd4 13. Nxd4 cxd4 14. Bxg7 Kxg7
15. Qd2 Qb6 16. f4 Qc5 17. Rc1 a5 18. a3 a4 19. f5 Ra8 20. Nf2 h5 21. g4 hxg4
22. hxg4 Qb6 23. g5 Nh5 24. Ng4 Bc6 25. Nf6 Qxb2 26. Nxh5+ gxh5 27. f6+ Kg6 28.
Bh3 Bxe4 29. dxe4 Kh7 30. Bf5+ Kg8 31. Qe2 Qxa3 32. Qxh5 1-0

[Event "IV Open Internacional Calvia"]
[Site "Calvia"]
[Date "2007.10.17"]
[Round "3.61"]
[White "Abadia Pascual, Luis"]
[Black "Russo, Carmelo"]
[Result "1-0"]
[WhiteElo "1979"]
[BlackElo "1702"]
[PlyCount "55"]
[EventDate "2007.??.??"]

1. e4 c6 2. d4 d5 3. exd5 cxd5 4. c4 Nf6 5. Nc3 e6 6. Nf3 Bb4 7. a3 Bxc3+ 8.
bxc3 Qa5 9. Bd2 Ne4 10. Bd3 Nxd2 11. Qxd2 Nd7 12. O-O Nf6 13. cxd5 Nxd5 14. Qg5
Qd8 15. Qxg7 Qf6 16. Qxf6 Nxf6 17. Rab1 O-O 18. Ne5 b6 19. f4 Bb7 20. f5 Ne4
21. Rbe1 f6 22. Nd7 Rf7 23. fxe6 Rxd7 24. exd7 Nd6 25. Re6 Nf7 26. Rexf6 Nh6
27. Rf8+ Rxf8 28. Rxf8+ 1-0

[Event "IV Open Internacional Calvia"]
[Site "Calvia"]
[Date "2007.10.17"]
[Round "3.62"]
[White "Febrero Perez, Lluis"]
[Black "Thollin, Robert"]
[Result "0-1"]
[WhiteElo "1690"]
[BlackElo "1964"]
[PlyCount "88"]
[EventDate "2007.??.??"]

1. e4 d6 2. d4 Nf6 3. Nd2 g6 4. b3 Bg7 5. Bb2 O-O 6. Ngf3 a6 7. c4 b6 8. Be2
Bb7 9. Qc2 Nbd7 10. d5 c6 11. O-O Rc8 12. Rad1 cxd5 13. exd5 Bxd5 14. Bc3 Bb7
15. Qb2 Qc7 16. Rc1 Rfe8 17. Rfe1 e5 18. Ng5 h6 19. Nh3 Nc5 20. f3 Qe7 21. b4
Na4 22. Qb3 Nxc3 23. Rxc3 Nh7 24. Re3 f5 25. c5+ d5 26. cxb6 Qd6 27. Bd3 Qxb6
28. Kh1 Kh8 29. a3 Rf8 30. Nf2 e4 31. Bb1 Bd4 32. R3e2 Bxf2 33. Qb2+ Bd4 34.
Qb3 Bg7 35. fxe4 fxe4 36. Nf1 Rf2 37. Re3 Qb5 38. Ng3 Rb2 39. Qd1 Nf6 40. h3
Qc4 41. Kg1 Qc7 42. Nf1 Qf4 43. Nd2 d4 44. Rg3 Rxd2 0-1

[Event "IV Open Internacional Calvia"]
[Site "Calvia"]
[Date "2007.10.17"]
[Round "3.63"]
[White "Larsson, Daniel"]
[Black "Kuenitz, Klaus"]
[Result "1-0"]
[WhiteElo "1962"]
[BlackElo "1695"]
[PlyCount "53"]
[EventDate "2007.??.??"]

1. e4 e6 2. d4 d5 3. exd5 exd5 4. Qf3 Nc6 5. Bb5 Nf6 6. h3 Bd7 7. Nc3 Bb4 8.
Nge2 Bxc3+ 9. bxc3 Ne7 10. Bd3 h6 11. g4 Bc6 12. Ng3 Qd7 13. Rb1 b6 14. O-O O-O
15. Bxh6 Nxg4 16. Bxg7 Kxg7 17. Nh5+ Kh8 18. hxg4 f5 19. Qh1 Qd6 20. Ng3+ Kg7
21. Rfe1 Rh8 22. Rxe7+ Qxe7 23. Nxf5+ Kf6 24. g5+ Kf7 25. Nxe7 Rxh1+ 26. Kxh1
Kxe7 27. Re1+ 1-0

[Event "IV Open Internacional Calvia"]
[Site "Calvia"]
[Date "2007.10.17"]
[Round "3.64"]
[White "Skage, Oystein Aagedal"]
[Black "Ramon Sanchez Campins, Pedro"]
[Result "1/2-1/2"]
[WhiteElo "1956"]
[BlackElo "1660"]
[PlyCount "100"]
[EventDate "2007.??.??"]

1. e4 e5 2. Nf3 Nc6 3. Bb5 d6 4. d4 exd4 5. Nxd4 Bd7 6. c4 Nxd4 7. Bxd7+ Qxd7
8. Qxd4 Ne7 9. Bf4 Nc6 10. Qe3 Be7 11. Nc3 Bf6 12. Rd1 Bxc3+ 13. Qxc3 Qg4 14.
g3 O-O 15. O-O Rae8 16. Rd5 f6 17. f3 Qc8 18. c5 Ne7 19. Rd4 dxc5 20. Qxc5 Nc6
21. Rd5 Re7 22. b4 a6 23. a4 Rfe8 24. Rfd1 Ne5 25. Bxe5 Rxe5 26. Qc4 Rxd5 27.
Rxd5 Kh8 28. Rc5 Re7 29. Rd5 Rd7 30. b5 axb5 31. Qxb5 c6 32. Qc5 Rd8 33. Rd6
Rxd6 34. Qxd6 Kg8 35. a5 Qa8 36. Qc7 Qa7+ 37. Kg2 h6 38. Kh3 Qa6 39. Kg4 Qb5
40. Qc8+ Kf7 41. Qc7+ Kg8 42. Qc8+ Kf7 43. Qc7+ Kg8 44. f4 g6 45. e5 Qe2+ 46.
Kh3 Qh5+ 47. Kg2 Qe2+ 48. Kh3 Qh5+ 49. Kg2 Qe2+ 50. Kh3 Qh5+ 1/2-1/2

[Event "IV Open Internacional Calvia"]
[Site "Calvia"]
[Date "2007.10.17"]
[Round "3.65"]
[White "Moragues Liebana, Salvador"]
[Black "Olias Munoz, Francisco"]
[Result "0-1"]
[WhiteElo "1604"]
[BlackElo "1950"]
[PlyCount "60"]
[EventDate "2007.??.??"]

1. Nf3 c5 2. c4 g6 3. g3 Bg7 4. Bg2 Nf6 5. Nc3 O-O 6. O-O Nc6 7. a3 d5 8. cxd5
Nxd5 9. Nxd5 Qxd5 10. d3 Nd4 11. Nd2 Qh5 12. h4 Qxe2 13. Ne4 Qxd1 14. Rxd1 Bg4
15. Rf1 Nb3 16. Rb1 Be2 17. Re1 Bxd3 18. Re3 c4 19. Rxd3 cxd3 20. Bd2 f5 21.
Nf6+ Kh8 22. Bxb7 Nxd2 23. Rd1 Bxf6 24. Bxa8 Rxa8 25. Rxd2 Rd8 26. f4 Bxb2 27.
a4 Bc3 28. Rd1 d2 29. Kf2 Rd4 30. Kf3 Re4 0-1